The Turkiye Quiz - Statistics

General Stats
  • This quiz has been taken 276 times
    103 since last reset
  • The average score is 8 of 20
Answer Stats
Hint Answer % Correct
Capital City Ankara
100%
Largest city Istanbul
98%
Number of countries bordering 8
92%
Flag colors Red and White
73%
First President Mustafa Kemal Ataturk
64%
Official Language Turkish
63%
Current President Recep Tayyip Erdogan
62%
Official Religion Islam
60%
National Animal Gray Wolf
51%
Year when Turkiye became a nation 1923
48%
Symbol White Crescent and Star
21%
Republic Day October 29
19%
Population 87M
13%
National Anthem Independence March
7%
National Food Kuru fasulye
1%
GDP $1.4 Trillion
0%
GDP Per Capita $16,710
0%
Area in mi² 302,535
0%
Motto Peace at home, peace in the world
0%
National Bird red-winged blackbird
0%
No matching quizzes found
Score Distribution
Percent of People with Each Score
Percentile by Number Answered
Your Score History
You have not taken this quiz since the last reset